illagonji Yodhe (Record no. 214724)

MARC details
000 -LEADER
fixed length control field 00779nam a2200229Ia 4500
003 - CONTROL NUMBER IDENTIFIER
control field OSt
005 - DATE AND TIME OF LATEST TRANSACTION
control field 20250916145155.0
008 - FIXED-LENGTH DATA ELEMENTS--GENERAL INFORMATION
fixed length control field 210719s2003 xx 000 0 und d
040 ## - CATALOGING SOURCE
Transcribing agency AL
041 ## - LANGUAGE CODE
Language code of text/sound track or separate title Tulu
082 ## - DEWEY DECIMAL CLASSIFICATION NUMBER
Classification number T894.2 GANL
100 ## - MAIN ENTRY--PERSONAL NAME
Personal name GANGADHAR KIDIYUR
Dates associated with a name ಗಂಗಾಧರ್ ಕಿದಿಯೂರ್
9 (RLIN) 238812
245 ## - TITLE STATEMENT
Title illagonji Yodhe
Remainder of title ಇಲ್ಲಗೊಂಜಿ ಯೋಧೆ
260 ## - PUBLICATION, DISTRIBUTION, ETC.
Place of publication, distribution, etc. Udupi
Name of publisher, distributor, etc. Madhushri Prakashana
Date of publication, distribution, etc. 2003
300 ## - PHYSICAL DESCRIPTION
Extent 47
Other physical details PB
365 ## - TRADE PRICE
Price amount 20
Currency code Rs
650 ## - SUBJECT ADDED ENTRY--TOPICAL TERM
Topical term or geographic name entry element ನೀತಿಬೋಧಕ ಸಾಮಾಜಿಕ ನಾಟಕ nitibodaka samajika nataka
9 (RLIN) 238813
650 ## - SUBJECT ADDED ENTRY--TOPICAL TERM
Topical term or geographic name entry element Ellagonji Yodhe
9 (RLIN) 238828
650 ## - SUBJECT ADDED ENTRY--TOPICAL TERM
Topical term or geographic name entry element Tulu Drama
9 (RLIN) 238814
906 ## - LOCAL DATA ELEMENT F, LDF (RLIN)
a Illgonji ; Janapriya ; nataka ; nitibodaka ; samajika ; tulu ; Yodhe
942 ## - ADDED ENTRY ELEMENTS (KOHA)
Source of classification or shelving scheme Dewey Decimal Classification
Koha item type Book
Holdings
Withdrawn status Lost status Source of classification or shelving scheme Damaged status Not for loan Collection code Home library Current library Shelving location Date acquired Cost, normal purchase price Total Checkouts Full call number Barcode Date last seen Price effective from Koha item type Public note
    Dewey Decimal Classification     Tulu St Aloysius Library St Aloysius Library Secondary stack section 05/28/2008 20.00   T894.2 GANL D03338 07/19/2021 07/19/2021 Donated Books Donated by Dr Mahalinga Bhat